MARC

LEADER 00000nam0a2200000 4500
001 260981
005 20231101233526.0
035 |a (RuTPU)RU\TPU\book\283952 
035 |a RU\TPU\book\117085 
090 |a 260981 
100 |a 20140520d1966 k y0rusy50 ca 
101 0 |a rus 
102 |a RU 
105 |a a g 001zy 
200 1 |a Пожарная опасность веществ и материалов  |e справочник  |f под ред. И. В. Рябова 
210 |a Москва  |c Стройиздат  |d 1966 
215 |a 243 с.  |c ил. 
225 1 |a Справочник 
320 |a Библиогр.: с. 241-242. 
320 |a Формульный указатель: с. 235-240. 
606 1 |a Химические вещества  |x Пожарная опасность  |2 stltpush  |3 (RuTPU)RU\TPU\subj\17208  |9 42992 
610 1 |a химическая промышленность 
610 1 |a вещества 
610 1 |a материалы 
610 1 |a пожарная опасность 
610 1 |a оценка 
610 1 |a показатели 
610 1 |a средства тушения 
610 1 |a справочники 
675 |a 614.841.4(035)  |v 3 
675 |a 66(035)  |v 3 
702 1 |a Рябов  |b И. В.  |g Игорь Васильевич  |4 340 
801 1 |a RU  |b 63413507  |c 20070120  |g PSBO 
801 2 |a RU  |b 63413507  |c 20140911  |g PSBO 
942 |c BK